000 01385nam0a22003371 4500
001 rc\4387780
005 20260407073416.0
021 _aRU
_b[64-73512]
035 _a(NLR Aleph) 008551737
090 _a8410639
_c8410639
100 _a20130416d1964 |||y0rusy50 ca
101 0 _arus
102 _aRU
105 _aa z |||||
200 1 _aИтальянская живопись XIII-XVIII веков в собрании Эрмитажа
210 _aЛенинград
_cСов. художник
_d1964
215 _aXVI, 315 с.
_cил.
_d30
300 _aРезюме на фр. яз.
300 _aПеред загл. авт.: С.Н. Всеволожская, И.С. Григорьева, Т.Д. Фомичева
320 _aБиблиогр.: с. 305-310
606 _aИтальянская живопись
_z13-18 вв.
_jАльбомы
_2psbo
700 1 _7ca
_8rus
_aВсеволожская
_bС. Н.
_f1930-2007
_gСветлана Николаевна
_3RU\NLR\AUTH\770281120
_92653087
701 1 _aГригорьева
_bИ.С.
_gИрина Сергеевна
701 1 _aФомичева
_bТ.Д.
_gТамара Демьяновна
712 0 2 _aЭрмитаж
_cЛенинград
_3RU\NLR\AUTH\883314
_9277858
801 0 _aRU
_bNLR
_gpsbo
801 1 _aRU
_bELAR
_2rusmarc
852 _aNLR
_jЭ АлИс465-31/2-3
942 _cBOOK
980 _aNB